| 000 | 00803cab a2200277 4500 | ||
|---|---|---|---|
| 001 | ABS51851 | ||
| 008 | 090401t1994 xxu||||| |||| 00| 0 eng d | ||
| 035 | _a(Sirsi) u46785 | ||
| 041 | _aeng | ||
| 100 | _aMurdie, A. | ||
| 245 | _aWho are the council tax appellants? | ||
| 260 | _c1994 | ||
| 350 | _a0 | ||
| 490 |
_aInstitute of Revenues Rating and Valuation Journal _vNovember 1994, 255(1) |
||
| 520 | _aExamines the work of the Council Tax Legal Services Group and discusses appeals over banding. | ||
| 650 | _aAPPEALS | ||
| 650 | _aAPPELLANTS | ||
| 650 | _aBANDING | ||
| 650 | _aCOUNCIL TAX LEGAL SERVICES GROUP | ||
| 650 | _aCOUNCIL TAX | ||
| 650 | _aGROUNDS FOR APPEAL | ||
| 650 | _aVALUATION TRIBUNALS | ||
| 690 | _aRATING AND VALUATION | ||
| 942 | _n0 | ||
| 948 | _c04/03/1997 | ||
| 999 |
_c29556 _d29556 |
||